Semiconductor nanocrystals and silicate nanoparticles

This volume of covers two inter-related areas of solid state science. The initial chapters provide a starting point for scientists and engineers wishing to understand the status of colloidal nanoparticles. Semiconductor nanocrystals are discussed as examples of crystalline nanoparticles and silica n...

Celý popis

Uloženo v:
Podrobná bibliografie
Médium: Kniha
Jazyk:Undetermined
Vydáno: Berlin Springer 2005
Témata:
Tagy: Přidat tag
Žádné tagy, Buďte první, kdo otaguje tento záznam!
Thư viện lưu trữ: Trung tâm Học liệu Trường Đại học Cần Thơ
LEADER 01009nam a2200193Ia 4500
001 CTU_154896
008 210402s9999 xx 000 0 und d
020 |c 1610000 
082 |a 537.622 
082 |b S471 
245 0 |a Semiconductor nanocrystals and silicate nanoparticles 
245 0 |c Volume editors, X. Peng, D. M. P. Mingos 
260 |a Berlin 
260 |b Springer 
260 |c 2005 
520 |a This volume of covers two inter-related areas of solid state science. The initial chapters provide a starting point for scientists and engineers wishing to understand the status of colloidal nanoparticles. Semiconductor nanocrystals are discussed as examples of crystalline nanoparticles and silica nanoparticles, which are probably the most popular amorphous nanoparticles, are used to illustrate some general principles associated with such materials. 
650 |a Semiconductor nanocrystals,Silicates,Nanoparticles 
904 |i Giang 
980 |a Trung tâm Học liệu Trường Đại học Cần Thơ